Bilecik Bilecik Bilecik Bilecik Bilecik

İslâm medeniyeti ve Türk kültürü/ (Record no. 9383)

MARC details
000 -BAŞLIK
Sabit Uzunluktaki Kontrol Alanı 01580nam a22003497a 4500
001 - KONTROL NUMARASI
Control Dosyası 0009411
003 - KONTROL NUMARASI KİMLİĞİ
Kontrol Alanı KOHA_MİRAKIL
005 - EN SON İŞLEM TARİHİ ve ZAMANI
Kontrol Alanı 20260207001708.0
007 - FİZİKSEL TANIM SABİT ALAN - GENEL BİLGİ
Sabit uzunluklu kontrol alanı ta
008 - SABİT UZUNLUKTAKİ VERİ ÖGELERİ - GENEL BİLGİ
Sabit Alan 091020b2005 tu |||gr||||#||||0|tur |
020 ## - ISBN - ULUSLARARASI STANDART KİTAP NUMARASI
Isbn 9754373035
040 ## - KATALOGLAMA KAYNAĞI
Özgün Kataloglama Kurumu TR-BiSEU
Kataloglama Dili tur
Çeviri Kurumu TR-BiSEU
Açıklama Kuralları rda
041 0# - DİL KODU
Metin ya da ses kaydının dil kodu tur
044 ## - YAYINLAYAN/ÜRETEN KURULUŞUN ÜLKE KODU
ISO country code tu
050 ## - SINIFLAMA ve YER NUMARASI
Sınıflama Numarası BP163
Yer Numarası .O93 2005
100 1# - KİŞİ ADI
Yazar Adı (Kişi adı) Özakpınar, Yılmaz.
245 1# - ESER ADI BİLDİRİMİ
Başlık İslâm medeniyeti ve Türk kültürü/
Sorumluluk Bildirimi Yılmaz Özakpınar ; Yılmaz Özakpınar.
264 #1 - ÜRERİM, YAYIN, DAĞITIM ve TELİF BİLDİRİMİ
Yayın yeri İstanbul :
Yayınlayan Ötüken
Yayın tarihi 2005
300 ## - FİZİKSEL TANIMLAMA
Sayfa, Cilt vb. 146 sayfa
336 ## - İÇERİK TÜRÜ
Content type term metin
Content type code txt
Source rdacontent
337 ## - MEDYA TÜRÜ
Media type term aracısız
Media type code n
Source rdamedia
338 ## - TAŞIYICI TÜRÜ
Carrier type term cilt
Carrier type code nc
Source rdacarrier
490 1# - DİZİ BİLDİRİMİ
Dizi Bildirimi Ötüken ;
Cilt Numarası yayın nu: 436, Kültür serisi ;
-- 162.
505 ## - İÇİNDEKİLER NOTU
İçindekiler Notu Yazara göre medeniyet, sembolik düşünce planında mantıksal sonuçları çıkarılabilen rasyonel bir inanç ve ahlak nizamıdır. Bu nitelikte bir inanç ve ahlak nizamı çerçevesinde ortaya çıkan bir kültür, değişmeye ve gelişmeye açıktır. Böyle olmakla birlikte, bir medeniyete bağlı kültürün, yeni kültür unsurlarına uygulandığı nihai ölçü, bağlı olduğu inanç ve ahlak nizamına uygunluktur. Eserde İslam medeniyeti ve Türk kültürü ilişkisi inceleniyor.
650 #0 - KONU BAŞLIĞI EK GİRİŞ - KONU TERİMİ
Konusal terim veya coğrafi ad Civilization, Islamic.
9 (RLIN) 11697
650 #0 - KONU BAŞLIĞI EK GİRİŞ - KONU TERİMİ
Konusal terim veya coğrafi ad Religion and culture--Turkey.
9 (RLIN) 23325
650 #0 - KONU BAŞLIĞI EK GİRİŞ - KONU TERİMİ
Konusal terim veya coğrafi ad Culture--Turkey.
9 (RLIN) 15927
650 #0 - KONU BAŞLIĞI EK GİRİŞ - KONU TERİMİ
Konusal terim veya coğrafi ad Islam--Turkey.
9 (RLIN) 11185
650 #0 - KONU BAŞLIĞI EK GİRİŞ - KONU TERİMİ
Konusal terim veya coğrafi ad Turkey--Civilization.
9 (RLIN) 10980
830 1# - SERİ EK GİRİŞİ - TEKBİÇİM ESER ADI
Tekbiçim Başlık Ötüken ;
Volume number/sequential designation yayın nu: 436, Kültür serisi ;
-- 162.
9 (RLIN) 23324
942 ## - EK GİRİŞ ÖGELERİ (KOHA)
Source of classification or shelving scheme Library of Congress Classification
Koha item type Book
505 ## - İÇİNDEKİLER NOTU
--
Holdings
Materyal Türü Kalıcı Konum Mevcut Konum Raf Yeri Sınıflandırma Kaynağı Edinim Bilgisi Ana Konular Alt Konular Yer Numarası Demirbaş Numarası Fatura Tarihi Maliyet, Alış Fiyatı Maliyet, Yenileme Fiyatı Geri Çekilme Durumu Kayıp Durumu Hasarlı Durumu Kredi için değil Kayıt Tarih Toplam Ödünçverme Son Görülme Tarihi Son Kontrol Tarihi Genel / Bağış Notu
Book Prof. Dr. Azmi Özcan Kütüphanesi Prof. Dr. Azmi Özcan Kütüphanesi Uluğbey Salonu Library of Congress Classification Bağış FELSEFE, PSİKOLOJİ, DİN İslam, Bahailik, Teozofi vb. BP163 .O93 2005 0009411 13/08/2010 10.00 10.00         20/10/2009 1 05/12/2024 05/12/2024 Ötüken Yayınevi